00432 2200181 4500001002100000005001500021008004100036020002200077035001900099041000700118082001100125090001600136100002100152245001400173260000900187300002500196650002900221INLIS00000000000402020241224112831241224||||||||| | ||| |||| || |  a978-602-0832-23-4 0010-1224004020 aid0 a741..5 a741.5 NYO s0 aNyoman Sri Utami00aSi Belang c2015 a16 hlm.:ilus.;21 cm. 0aIlmu Kesenian & Olahraga